What's The Product? Quiz Stats

 Plays Quiz not verified by Sporcle

Challenge
Share
Tweet
Embed
Score 0/20 Timer 08:00
0 Plays Today
Company/Brand Product % Correct
Land Rover, Aston Martin, Jaguar, Rolls-RoyceCars
98.7%
Barclays, Lloyds TSB, HSBC, RBSBanks
97.9%
Thorntons, Cadbury, Green & Black's, Rowntree'sConfectionery
97.9%
Coco Pops, Sugar Puffs, Weetabix, FrostiesBreakfast Cereal
97.9%
Carling, Carlsberg, Foster's, Stella ArtoisBeer
97.6%
New Look, Primark, Topshop, River IslandClothing
97.3%
Morrisons, Tesco, Asda, CooperativeSupermarkets
97.1%
PG Tips, Tetley, Twinings, TyphooTea
97.1%
BT, Vodafone, Orange, T-MobileTelecommunications
96.3%
Meccano, Action Man, Sindy, Polly PocketToys
96.3%
Company/Brand Product % Correct
ITV1, Gold, Dave, AlibiTV Channels
95.7%
Tixylix, Calpol, Nurofen, AnadinMedicines
95.5%
J2O, Robinsons, Tango, LiltSoft Drinks
95.2%
Wotsits, Twiglets, Quavers, SkipsCrisps
94.9%
Flash, Mr Muscle, Cif, DettolCleaning Products
94.7%
Highland Spring, Brecon Carreg, Buxton, Abbey WellMineral Water
94.7%
Hovis, Kingsmill, Warburtons, AllinsonBread
93.3%
B&Q, Focus, Homebase, WickesDIY Stores
91.7%
H. Samuel, Ernest Jones, Fraser Hart, F. HindsJewellers
90.1%
SMA, Aptamil, Cow & Gate, IsomilInfant Milk
79.2%

You're not logged in!

Compare scores with friends on all Sporcle quizzes.
Join for Free
OR
Log In

You Might Also Like...

Show Comments

Extras

Top Quizzes Today


Score Distribution

Your Account Isn't Verified!

In order to create a playlist on Sporcle, you need to verify the email address you used during registration. Go to your Sporcle Settings to finish the process.

Report this User

Report this user for behavior that violates our Community Guidelines.

Details: